[Event "XXVI Festival Conca della Presolana B"]
[Site "Bratto - Castione della Presolana ITA"]
[Date "2006.08.20"]
[Round "1"]
[White "Nasoni, Paolo"]
[Black "Marguerettaz, Davy"]
[Result "1/2-1/2"]
[WhiteElo "1859"]
[BlackElo "1700"]
[PlyCount "66"]
[EventDate "2006.08.20"]

1. c4 e6 2. Nc3 d5 3. d4 Nf6 4. Bg5 Nbd7 5. e3 c6 6. Nf3 Qa5 7. Nd2 Bb4 8. Qc2
O-O 9. c5 Re8 10. Bd3 Bxc3 11. bxc3 e5 12. O-O e4 13. Be2 h6 14. Bh4 Qc7 15.
Bg3 Qd8 16. c4 Nf8 17. cxd5 cxd5 18. Rab1 Ne6 19. Rb2 b6 20. Bb5 Bd7 21. c6 Rc8
22. cxd7 Rxc2 23. dxe8=Q+ Qxe8 24. Rxc2 Qxb5 25. Rfc1 Qd3 26. Nb1 Nh5 27. Be5
f6 28. Bb8 f5 29. Nc3 Nf6 30. g3 Ng5 31. Ne2 Nf3+ 32. Kh1 Ng4 33. Nf4 Qa3
1/2-1/2

[Event "XXVI Festival Conca della Presolana B"]
[Site "Bratto - Castione della Presolana ITA"]
[Date "2006.08.20"]
[Round "1"]
[White "Nepi, Ezio"]
[Black "Tafur, Abel"]
[Result "0-1"]
[WhiteElo "1817"]
[BlackElo "1966"]
[PlyCount "104"]
[EventDate "2006.08.20"]

1. Nf3 Nf6 2. c4 d6 3. d4 g6 4. Nc3 Bg7 5. e4 O-O 6. Be2 Bg4 7. h3 Bxf3 8. Bxf3
c6 9. O-O Nbd7 10. b4 Qc7 11. Be3 e5 12. Rc1 Rfe8 13. d5 c5 14. Nb5 Qb8 15.
bxc5 Nxc5 16. Bxc5 dxc5 17. d6 Rd8 18. Nc7 Ne8 19. Nxa8 Rxd6 20. Qb3 Qxa8 21.
Rfd1 Rb6 22. Qa4 Nc7 23. Rb1 Rc6 24. Bg4 h5 25. Bd7 Rf6 26. Qc2 b6 27. Rb3 Rf4
28. f3 Bh6 29. Rd6 Qf8 30. Qd1 h4 31. Rc6 Qd8 32. Rd3 Rf6 33. Bg4 Be3+ 34. Kh1
Bd4 35. Rxf6 Qxf6 36. Qd2 Kg7 37. f4 exf4 38. Rf3 Be3 39. Qe2 Qd4 40. Rf1 Qxe4
41. Bf3 Qe5 42. Rd1 Ne6 43. Rd5 Qa1+ 44. Rd1 Qe5 45. Rd5 Qc3 46. Rd3 Qxc4 47.
Rxe3 Qc1+ 48. Qe1 Qxe3 49. Qxh4 Nd4 50. Bd5 Nf5 51. Qg5 Ng3+ 52. Kh2 Qc1 0-1

[Event "XXVI Festival Conca della Presolana B"]
[Site "Bratto - Castione della Presolana ITA"]
[Date "2006.08.20"]
[Round "1"]
[White "Orsi, Lorenzo"]
[Black "Mazzotti, Federico"]
[Result "0-1"]
[WhiteElo "1682"]
[BlackElo "1741"]
[PlyCount "54"]
[EventDate "2006.08.20"]

1. e4 c5 2. Nc3 Nc6 3. g3 g6 4. Bg2 Bg7 5. d3 d6 6. Be3 e6 7. Qd2 Nd4 8. Nge2
Ne7 9. O-O-O Qb6 10. Rdf1 Nec6 11. Na4 Nxe2+ 12. Qxe2 Qb4 13. Nc3 Bxc3 14. bxc3
Qxc3 15. f4 Nb4 16. f5 Nxa2+ 17. Kd1 Qa1+ 18. Kd2 Qc3+ 19. Kd1 Qb4 20. Qd2 Nc3+
21. Ke1 exf5 22. exf5 Bxf5 23. Bg5 O-O 24. Bf6 Rfe8+ 25. Be4 Bxe4 26. Qh6 Bxd3+
27. Kf2 Ne4+ 0-1

[Event "XXVI Festival Conca della Presolana B"]
[Site "Bratto - Castione della Presolana ITA"]
[Date "2006.08.20"]
[Round "1"]
[White "Panigoni, Giuseppe"]
[Black "Peron, Davide"]
[Result "0-1"]
[WhiteElo "1892"]
[BlackElo "1724"]
[PlyCount "82"]
[EventDate "2006.08.20"]

1. d4 Nf6 2. c4 e6 3. Nc3 Bb4 4. Nf3 O-O 5. e3 b6 6. Be2 Bb7 7. O-O Bxc3 8.
bxc3 d6 9. Qb3 Nbd7 10. Ba3 Be4 11. Nd2 Bg6 12. Bf3 Rb8 13. e4 e5 14. Rfe1 Re8
15. g4 c5 16. Bb2 exd4 17. cxd4 cxd4 18. Bxd4 Nc5 19. Qc2 Nfd7 20. Bg2 f6 21.
f4 Rc8 22. Qd1 Nd3 23. Rf1 N7c5 24. e5 fxe5 25. fxe5 dxe5 26. Bd5+ Kh8 27. Bc3
Nf4 28. Nf3 Nfd3 29. Qd2 e4 30. Bxg7+ Kxg7 31. Qc3+ Qf6 32. Nd4 Qe5 33. Rf5
Bxf5 34. gxf5 Kh8 35. Rf1 Na4 36. Qa1 Nab2 37. Nc6 Rxc6 38. Bxc6 Qc5+ 39. Kh1
Qxc6 40. Rg1 e3+ 41. Rg2 Rg8 0-1

[Event "XXVI Festival Conca della Presolana B"]
[Site "Bratto - Castione della Presolana ITA"]
[Date "2006.08.20"]
[Round "1"]
[White "Reginato, Mauro"]
[Black "Boccalatte, Piero"]
[Result "1/2-1/2"]
[WhiteElo "1823"]
[BlackElo "1999"]
[PlyCount "97"]
[EventDate "2006.08.20"]

1. e4 c6 2. d4 d5 3. exd5 cxd5 4. Bd3 Nc6 5. c3 Nf6 6. Bf4 Bg4 7. f3 Bh5 8. Nh3
e6 9. Nd2 Bd6 10. O-O O-O 11. Re1 Qc7 12. Bxd6 Qxd6 13. Nb3 Rfc8 14. Rc1 Nd7
15. Qd2 Rab8 16. Qg5 Bg6 17. Bxg6 hxg6 18. Qh4 b6 19. f4 a5 20. Nd2 Nf8 21. Nf3
Re8 22. Re3 Ne7 23. g4 f6 24. Rce1 b5 25. Ne5 Nh7 26. Ng5 Nxg5 27. fxg5 fxe5
28. Rh3 Kf7 29. Rf1+ Nf5 30. gxf5 exf5 31. Qg3 Qe6 32. Re1 e4 33. Rh7 Qe7 34.
Qh4 b4 35. Qh6 Rg8 36. Rc1 Rbc8 37. Kg2 Qc7 38. Rf1 bxc3 39. Rxf5+ gxf5 40.
Qf6+ Ke8 41. Qe6+ Kf8 42. bxc3 Re8 43. Qxd5 Qe7 44. Qxf5+ Qf7 45. Qc5+ Re7 46.
Qc8+ Qe8 47. Qf5+ Rf7 48. Qc5+ Re7 49. Qf5+ 1/2-1/2

[Event "XXVI Festival Conca della Presolana B"]
[Site "Bratto - Castione della Presolana ITA"]
[Date "2006.08.20"]
[Round "1"]
[White "Regorda, Vittorio"]
[Black "Paniga, Danilo"]
[Result "1-0"]
[WhiteElo "1949"]
[BlackElo "1815"]
[PlyCount "73"]
[EventDate "2006.08.20"]

1. d4 Nf6 2. c4 g6 3. Nc3 Bg7 4. e4 d6 5. f3 O-O 6. Be3 e5 7. d5 c6 8. Nge2 Ne8
9. Qd2 f5 10. O-O-O f4 11. Bf2 c5 12. Kb1 a6 13. Nc1 Nc7 14. Nb3 a5 15. a4 Bd7
16. Nb5 Nxb5 17. cxb5 Qb6 18. Qc3 Rc8 19. Nd2 Be8 20. Nc4 Qd8 21. b3 b6 22. g3
g5 23. h4 h6 24. Bh3 Bd7 25. Be6+ Bxe6 26. dxe6 Bf8 27. Qd3 Qc7 28. Qd5 Be7 29.
hxg5 Ra7 30. gxh6 fxg3 31. Rdg1 Kh7 32. Rxg3 Bf8 33. Be3 Rb7 34. f4 exf4 35.
Qf5+ Kh8 36. Qf6+ Kh7 37. Qg6+ 1-0

[Event "XXVI Festival Conca della Presolana B"]
[Site "Bratto - Castione della Presolana ITA"]
[Date "2006.08.20"]
[Round "1"]
[White "Romano, Roberto"]
[Black "Sanzani, Pierluigi"]
[Result "0-1"]
[WhiteElo "1733"]
[BlackElo "1892"]
[PlyCount "80"]
[EventDate "2006.08.20"]

1. e4 c5 2. d4 cxd4 3. c3 Nf6 4. e5 Nd5 5. Bc4 Qc7 6. Qe2 Nb6 7. Bb3 Nc6 8. Nf3
d5 9. exd6 Qxd6 10. O-O d3 11. Qe4 Qg6 12. Qxg6 hxg6 13. Be3 Bg4 14. Nbd2 Nd7
15. h3 Bxf3 16. Nxf3 e5 17. Rfe1 f6 18. Rad1 O-O-O 19. Rd2 a6 20. Red1 e4 21.
Nd4 Nc5 22. f3 Nxb3 23. axb3 Nxd4 24. Bxd4 exf3 25. Rxd3 fxg2 26. Kxg2 Rh5 27.
Rg3 g5 28. Re1 Bd6 29. Rge3 Rdh8 30. Re8+ Kd7 31. R8e3 g4 32. hxg4 Rh2+ 33. Kf3
Rxb2 34. c4 Rh3+ 35. Ke4 Rxb3 36. Rxh3 Rxh3 37. Rb1 Kc6 38. Rb6+ Kc7 39. Kd5
Rd3 40. Rb1 Be5 0-1

[Event "XXVI Festival Conca della Presolana B"]
[Site "Bratto - Castione della Presolana ITA"]
[Date "2006.08.20"]
[Round "1"]
[White "Rozzoni, Davide"]
[Black "Milanesi, Erminio"]
[Result "1-0"]
[WhiteElo "1714"]
[BlackElo "1874"]
[PlyCount "69"]
[EventDate "2006.08.20"]

1. g3 g6 2. Nh3 c6 3. d4 Nh6 4. Bg2 f6 5. O-O Nf7 6. e4 Bg7 7. c3 O-O 8. Qb3 e6
9. Be3 Na6 10. Nd2 Nc7 11. f4 d5 12. Rae1 b5 13. Qc2 a5 14. Nf2 Bd7 15. Nd3 Na6
16. Nb3 dxe4 17. Bxe4 Nd6 18. Bg2 Nb7 19. Rd1 Qc7 20. Ndc5 Naxc5 21. Nxc5 Bc8
22. Qe4 Nxc5 23. dxc5 Bd7 24. Rd6 f5 25. Qd3 Rf7 26. Rd1 Ra7 27. Qd2 e5 28.
fxe5 Bxe5 29. Rd3 Be6 30. Rd8+ Rf8 31. Rxf8+ Kxf8 32. Qd8+ Kg7 33. Bd4 Bd5 34.
Qxc7+ Rxc7 35. Bxe5+ 1-0

[Event "XXVI Festival Conca della Presolana B"]
[Site "Bratto - Castione della Presolana ITA"]
[Date "2006.08.20"]
[Round "1"]
[White "Saracco, Marco"]
[Black "Bernasconi, Roberto"]
[Result "1/2-1/2"]
[WhiteElo "1780"]
[BlackElo "1933"]
[PlyCount "50"]
[EventDate "2006.08.20"]

1. d4 d5 2. c4 dxc4 3. Nf3 Nf6 4. e3 e6 5. Bxc4 c5 6. O-O a6 7. dxc5 Qxd1 8.
Rxd1 Bxc5 9. Nc3 O-O 10. a3 Nc6 11. b4 Be7 12. Bb2 b5 13. Be2 Ra7 14. Rac1 Nb8
15. Ne5 Rc7 16. Bf3 Bb7 17. Bxb7 Rxb7 18. Ne2 Nd5 19. Nc6 Nb6 20. Na5 Rd7 21.
Rxd7 N8xd7 22. Rc6 Rc8 23. Rxc8+ Nxc8 24. Kf1 Bd6 25. Ke1 Be5 1/2-1/2

[Event "XXVI Festival Conca della Presolana B"]
[Site "Bratto - Castione della Presolana ITA"]
[Date "2006.08.20"]
[Round "1"]
[White "Sottroi, Carlo"]
[Black "Vanzan, Alessandro"]
[Result "1-0"]
[WhiteElo "2008"]
[BlackElo "1835"]
[PlyCount "45"]
[EventDate "2006.08.20"]

1. e4 c5 2. d4 cxd4 3. c3 dxc3 4. Nxc3 d6 5. Nf3 Nf6 6. Bc4 e6 7. e5 Ng4 8.
Bb5+ Nc6 9. exd6 Bxd6 10. Qd4 Nf6 11. Bg5 O-O 12. Bxc6 bxc6 13. Bxf6 gxf6 14.
O-O-O Rb8 15. Qxd6 Qb6 16. Rd2 Ba6 17. Qd4 c5 18. Qxf6 Bd3 19. Ne5 Bb5 20. Re1
Rb7 21. Re3 Rfb8 22. Rg3+ Kf8 23. Qg7+ 1-0

[Event "XXVI Festival Conca della Presolana B"]
[Site "Bratto - Castione della Presolana ITA"]
[Date "2006.08.20"]
[Round "1"]
[White "Spano' Cuomo, Gaetano"]
[Black "Gozzini, Giambattista"]
[Result "1/2-1/2"]
[WhiteElo "1880"]
[BlackElo "1721"]
[PlyCount "63"]
[EventDate "2006.08.20"]

1. d4 Nf6 2. c4 g6 3. Nc3 Bg7 4. e4 d6 5. Nf3 O-O 6. Be2 e5 7. d5 a5 8. O-O Na6
9. Ne1 Nc5 10. f3 Nh5 11. Be3 b6 12. Qd2 f5 13. Nd3 Nxd3 14. Bxd3 f4 15. Bf2 g5
16. Be2 Bd7 17. a4 Rf6 18. g4 fxg3 19. Bxg3 Nf4 20. Bxf4 Rxf4 21. Rf2 g4 22.
fxg4 Rxf2 23. Kxf2 Qh4+ 24. Kg1 Bh6 25. Qc2 Be3+ 26. Kh1 Rf8 27. Rf1 Rxf1+ 28.
Bxf1 Bxg4 29. Qg2 Kh8 30. h3 Bd7 31. Nb5 Bxb5 32. cxb5 1/2-1/2

[Event "XXVI Festival Conca della Presolana B"]
[Site "Bratto - Castione della Presolana ITA"]
[Date "2006.08.20"]
[Round "1"]
[White "Vignoli, Matteo"]
[Black "Burbi, Marco"]
[Result "0-1"]
[WhiteElo "1941"]
[BlackElo "1793"]
[PlyCount "46"]
[EventDate "2006.08.20"]

1. e4 e5 2. Nf3 Nc6 3. Bb5 f5 4. d3 fxe4 5. dxe4 Nf6 6. Nc3 Bc5 7. Bg5 d6 8. h3
O-O 9. Bc4+ Kh8 10. Nd5 Bxf2+ 11. Kf1 Bb6 12. Nxf6 gxf6 13. Bh6 Re8 14. Nh4 Na5
15. Bf7 Be6 16. Bxe6 Rxe6 17. Qg4 Qd7 18. Nf5 Rg8 19. Bg7+ Rxg7 20. Nxg7 Qb5+
21. Ke1 Qb4+ 22. Kd1 Nc4 23. Kc1 Be3+ 0-1

[Event "XXVI Festival Conca della Presolana B"]
[Site "Bratto - Castione della Presolana ITA"]
[Date "2006.08.21"]
[Round "2"]
[White "Bassis, Ivano"]
[Black "Sottroi, Carlo"]
[Result "1-0"]
[WhiteElo "1820"]
[BlackElo "2008"]
[PlyCount "97"]
[EventDate "2006.08.20"]

1. e4 e6 2. d3 d5 3. Nd2 Nf6 4. g3 Nbd7 5. Ngf3 dxe4 6. dxe4 Nb6 7. Bg2 Be7 8.
O-O O-O 9. Qe2 c6 10. e5 Nfd5 11. c4 Nb4 12. Ne4 Qd3 13. Qxd3 Nxd3 14. b3 Nd7
15. Bf4 Rd8 16. Rad1 Nxf4 17. gxf4 Nf8 18. Nd4 Bd7 19. c5 Be8 20. Nd6 Bxd6 21.
exd6 Bd7 22. b4 a6 23. a4 Ng6 24. b5 axb5 25. axb5 Rac8 26. bxc6 Bxc6 27. Bxc6
bxc6 28. f5 Nf8 29. Rfe1 e5 30. Rxe5 Nd7 31. Re7 Nxc5 32. Rc7 Ra8 33. Nxc6 Na6
34. Nxd8 Rxd8 35. Rc3 Nb8 36. Rdc1 Kf8 37. Rc8 Ke8 38. Re1+ Kd7 39. Rxd8+ Kxd8
40. Re7 Nd7 41. Kg2 g6 42. fxg6 hxg6 43. Rxf7 Ke8 44. Re7+ Kd8 45. Kg3 Nf6 46.
Kh4 Nd5 47. Rg7 Nf4 48. Kg4 Nd3 49. f4 1-0

[Event "XXVI Festival Conca della Presolana B"]
[Site "Bratto - Castione della Presolana ITA"]
[Date "2006.08.21"]
[Round "2"]
[White "Bernasconi, Roberto"]
[Black "Reginato, Mauro"]
[Result "1/2-1/2"]
[WhiteElo "1933"]
[BlackElo "1823"]
[PlyCount "62"]
[EventDate "2006.08.20"]

1. e4 e5 2. Nf3 Nc6 3. Nc3 Nf6 4. d4 Bb4 5. Nxe5 Nxe4 6. Qf3 Qe7 7. Qxe4 f6 8.
f4 d6 9. d5 Bxc3+ 10. bxc3 Nb8 11. Bd3 dxe5 12. O-O f5 13. Qxe5 Qxe5 14. fxe5
O-O 15. e6 g6 16. Bf4 c6 17. e7 Re8 18. d6 Be6 19. Rfe1 Bf7 20. Rab1 b6 21. Ba6
Nxa6 22. d7 Nc5 23. Rbd1 Nxd7 24. Rxd7 Bxa2 25. Ra1 Bd5 26. Raxa7 Rxa7 27. Rxa7
Kf7 28. Bg5 h6 29. Bxh6 Rxe7 30. Rxe7+ Kxe7 31. Be3 b5 1/2-1/2

[Event "XXVI Festival Conca della Presolana B"]
[Site "Bratto - Castione della Presolana ITA"]
[Date "2006.08.21"]
[Round "2"]
[White "Bettini, Massimo"]
[Black "Acunzo, Domenico"]
[Result "1-0"]
[WhiteElo "1887"]
[BlackElo "1764"]
[PlyCount "79"]
[EventDate "2006.08.20"]

1. e4 e6 2. d4 d5 3. Nc3 Bb4 4. a3 Bxc3+ 5. bxc3 dxe4 6. f3 Nd7 7. Nh3 exf3 8.
Qxf3 c6 9. Bd3 Qh4+ 10. Nf2 Ngf6 11. O-O O-O 12. Be2 Nd5 13. Ne4 Qe7 14. c4 f5
15. Ng5 N5f6 16. Qe3 Re8 17. Qh3 h6 18. Nf3 Ne4 19. Nh4 Ndf6 20. Ng6 Qd6 21. c3
c5 22. Bf4 Qc6 23. Ne5 Qa6 24. Rf3 Qb6 25. Raf1 cxd4 26. Bxh6 dxc3+ 27. Be3 Qb2
28. Bd3 c2 29. Ng6 Qc3 30. Bf4 Nd2 31. Qh8+ Kf7 32. Ne5+ Ke7 33. Qxg7+ Kd8 34.
Qxf6+ Kc7 35. Qf7+ Kb6 36. Be3+ Ka6 37. c5+ Qxd3 38. Nxd3 Nxf3+ 39. Rxf3 e5 40.
Qxe8 1-0

[Event "XXVI Festival Conca della Presolana B"]
[Site "Bratto - Castione della Presolana ITA"]
[Date "2006.08.21"]
[Round "2"]
[White "Boccalatte, Piero"]
[Black "Saracco, Marco"]
[Result "1/2-1/2"]
[WhiteElo "1999"]
[BlackElo "1780"]
[PlyCount "48"]
[EventDate "2006.08.20"]

1. d4 d5 2. Bf4 Nf6 3. e3 Bf5 4. c3 c6 5. h3 e6 6. Nf3 Bd6 7. Bxd6 Qxd6 8. Ne5
h6 9. Nd2 Nbd7 10. f4 Ne4 11. g4 Bh7 12. Rg1 Nxe5 13. Nxe4 Bxe4 14. fxe5 Qe7
15. Kd2 Qh4 16. Qe1 Qxe1+ 17. Rxe1 Ke7 18. Be2 f6 19. exf6+ gxf6 20. Ref1 Raf8
21. Rf2 Rhg8 22. Rgf1 f5 23. a3 Rg7 24. h4 Rfg8 1/2-1/2

[Event "XXVI Festival Conca della Presolana B"]
[Site "Bratto - Castione della Presolana ITA"]
[Date "2006.08.21"]
[Round "2"]
[White "Bolognesi, Alberto"]
[Black "Romano, Roberto"]
[Result "1-0"]
[WhiteElo "1900"]
[BlackElo "1733"]
[PlyCount "72"]
[EventDate "2006.08.20"]

1. e4 e5 2. d4 exd4 3. c3 d5 4. exd5 Qxd5 5. cxd4 Nc6 6. Nf3 Bg4 7. Be2 O-O-O
8. Nc3 Bb4 9. O-O Bxc3 10. bxc3 Nf6 11. h3 Bh5 12. Be3 Ne4 13. Qc2 Rhe8 14.
Rfb1 Nd6 15. c4 Qa5 16. Rb2 Nf5 17. Rb5 Nxe3 18. Qb3 Qa6 19. fxe3 Na5 20. Qc3
Bxf3 21. Rxa5 Qh6 22. Bxf3 Rxe3 23. Qb4 Rxf3 24. gxf3 Qxh3 25. Qc3 Rd6 26. Kf2
Qh4+ 27. Ke3 Rf6 28. Rf1 Rf4 29. Re5 Qh6 30. Ke2 Qd6 31. Re4 Rf5 32. a3 g5 33.
Qe3 Rf6 34. Re8+ Kd7 35. c5 Qa6+ 36. Kf2 Qc4 1-0

[Event "XXVI Festival Conca della Presolana B"]
[Site "Bratto - Castione della Presolana ITA"]
[Date "2006.08.21"]
[Round "2"]
[White "Burbi, Marco"]
[Black "Regorda, Vittorio"]
[Result "1/2-1/2"]
[WhiteElo "1793"]
[BlackElo "1949"]
[PlyCount "139"]
[EventDate "2006.08.20"]

1. e4 e6 2. d4 d5 3. e5 c5 4. c3 Nc6 5. Nf3 Bd7 6. Be2 Qb6 7. O-O cxd4 8. cxd4
f6 9. Nc3 fxe5 10. dxe5 a6 11. a3 Nge7 12. Bd3 Qc7 13. Bf4 g6 14. Rc1 Bg7 15.
Re1 O-O 16. Qd2 Rf7 17. Ng5 Rff8 18. Na4 h6 19. Nf3 g5 20. Bg3 Nf5 21. Nc5 Rae8
22. Bb1 Bc8 23. Nb3 Qb6 24. Nc5 Rf7 25. b4 Ref8 26. Qc2 Rc7 27. h3 Nxb4 28.
axb4 Qxb4 29. Qb3 Qa5 30. Nd3 b5 31. Rxc7 Qxc7 32. Rc1 Qb6 33. Kh2 a5 34. Nc5
b4 35. Na4 Qa7 36. Bxf5 exf5 37. Qxd5+ Kh8 38. Kg1 f4 39. Bh2 Bb7 40. Qd7 Qa6
41. Rc7 Qg6 42. Qd1 Bxf3 43. gxf3 Bxe5 44. Rd7 b3 45. Qxb3 Qf5 46. Qd5 Bg7 47.
Kg2 Qxd5 48. Rxd5 Ra8 49. h4 Bf6 50. Kh3 Kg7 51. Kg4 Kg6 52. h5+ Kh7 53. Rd7+
Bg7 54. Bxf4 gxf4 55. Kxf4 Rb8 56. Nc5 Kg8 57. Ne6 Bc3 58. Ra7 Rb5 59. Kg4 Re5
60. Rg7+ Kh8 61. Rg6 a4 62. Rxh6+ Kg8 63. Rg6+ Kf7 64. Ng5+ Ke7 65. Ne4 Be1 66.
h6 Kf7 67. h7 Re8 68. Ra6 Kg7 69. Ng5 Bxf2 70. Rxa4 {...} 1/2-1/2

[Event "XXVI Festival Conca della Presolana B"]
[Site "Bratto - Castione della Presolana ITA"]
[Date "2006.08.21"]
[Round "2"]
[White "Colombo, Sandro"]
[Black "Galasso, Daniele"]
[Result "1-0"]
[WhiteElo "1864"]
[BlackElo "1721"]
[PlyCount "89"]
[EventDate "2006.08.20"]

1. c4 c5 2. Nf3 Nf6 3. Nc3 Nc6 4. d4 cxd4 5. Nxd4 g6 6. e4 d6 7. Be2 Bg7 8. Be3
Ne5 9. f3 Bd7 10. O-O O-O 11. Qd2 Rc8 12. b3 Nc6 13. Rfd1 a6 14. Rac1 Qc7 15.
Nd5 Qd8 16. Nxc6 Rxc6 17. Qb4 Nxd5 18. exd5 Rc8 19. Qxb7 Rb8 20. Qa7 Ra8 21.
Qb6 Qc8 22. Qa5 Qb7 23. Qd2 Rfc8 24. f4 a5 25. c5 dxc5 26. Bxc5 Bf5 27. Bf3 Rd8
28. Re1 Bd7 29. Rxe7 Qb5 30. d6 Rac8 31. Be2 Qc6 32. Qxa5 Bd4+ 33. Bxd4 Qxc1+
34. Bf1 Qxf4 35. Qe5 Qxe5 36. Bxe5 Be6 37. Bb5 Rc1+ 38. Kf2 Rd1 39. a4 Kf8 40.
Ke3 Rd5 41. Ke4 f5+ 42. Kf4 g5+ 43. Kxg5 Rxe5 44. Kf6 Rxd6 45. Re8# 1-0

[Event "XXVI Festival Conca della Presolana B"]
[Site "Bratto - Castione della Presolana ITA"]
[Date "2006.08.21"]
[Round "2"]
[White "Ferrarese, Giacomo"]
[Black "Spano' Cuomo, Gaetano"]
[Result "0-1"]
[WhiteElo "1721"]
[BlackElo "1880"]
[PlyCount "92"]
[EventDate "2006.08.20"]

1. c4 c5 2. Nc3 Nc6 3. g3 Nf6 4. Bg2 e6 5. e4 Be7 6. d3 O-O 7. Nge2 d6 8. a3
Bd7 9. Rb1 b6 10. b4 Rb8 11. b5 Nd4 12. O-O Ne8 13. f4 Bf6 14. Bb2 Nxe2+ 15.
Nxe2 Bxb2 16. Rxb2 Qf6 17. Qc2 e5 18. f5 d5 19. exd5 Nd6 20. Nc3 Qg5 21. Qf2
Nxf5 22. Ne4 Qh6 23. g4 Nd4 24. g5 Qg6 25. h4 f5 26. gxf6 gxf6 27. Qg3 Qxg3 28.
Nxg3 Bg4 29. Rbf2 f5 30. Kh2 f4 31. Ne4 Be2 32. Rg1 Kh8 33. Bf1 Nf3+ 34. Rxf3
Bxf3 35. Ng5 Bh5 36. d6 h6 37. Ne6 Rf6 38. Ng7 Bg6 39. d7 Kxg7 40. h5 Kf7 41.
hxg6+ Rxg6 42. Rh1 Rd8 43. Bh3 Rd6 44. Rd1 R8xd7 45. Bxd7 Rxd7 46. Kg2 e4 0-1

[Event "XXVI Festival Conca della Presolana B"]
[Site "Bratto - Castione della Presolana ITA"]
[Date "2006.08.21"]
[Round "2"]
[White "Fiorili, Roberto"]
[Black "Elsido, Massimo"]
[Result "1-0"]
[WhiteElo "1934"]
[BlackElo "1742"]
[PlyCount "49"]
[EventDate "2006.08.20"]

1. e4 e5 2. Nf3 Nc6 3. d4 exd4 4. Nxd4 Nxd4 5. Qxd4 d6 6. Bc4 Qf6 7. Qe3 Be6 8.
Qb3 Bxc4 9. Qxb7 Kd7 10. Qxa8 Ne7 11. Nd2 Qd4 12. Nxc4 Qxc4 13. c3 Qa6 14. Qb8
Nc6 15. Qb3 Ne5 16. Be3 Qd3 17. Rd1 Qxe4 18. O-O Qg6 19. Qb5+ Nc6 20. Rd4 d5
21. Rxd5+ Kc8 22. Qa6+ Kb8 23. Rd8+ Nxd8 24. Bxa7+ Ka8 25. Bb6+ 1-0

[Event "XXVI Festival Conca della Presolana B"]
[Site "Bratto - Castione della Presolana ITA"]
[Date "2006.08.21"]
[Round "2"]
[White "Gallavotti, Eugenio"]
[Black "Nasoni, Paolo"]
[Result "0-1"]
[WhiteElo "1705"]
[BlackElo "1859"]
[PlyCount "126"]
[EventDate "2006.08.20"]

1. e4 e6 2. d4 d5 3. Nc3 Nf6 4. Bg5 dxe4 5. Bxf6 gxf6 6. Nxe4 Bg7 7. Nf3 b6 8.
Bb5+ Bd7 9. Bxd7+ Nxd7 10. O-O f5 11. Nc3 c6 12. Qe2 O-O 13. Rad1 Qc7 14. Rfe1
Nf6 15. Ne5 Rfd8 16. Qf3 Rac8 17. Ne2 c5 18. c3 cxd4 19. cxd4 Qd6 20. Rc1 Nd5
21. Nc3 Nxc3 22. bxc3 Bxe5 23. dxe5 Qd3 24. Re3 Rxc3 25. Rce1 Qd2 26. Qe2 Rxe3
27. fxe3 Qxe2 28. Rxe2 Rd5 29. Rc2 Rxe5 30. Kf2 Ra5 31. Kf3 Ra4 32. h3 h5 33.
Re2 Re4 34. g4 hxg4+ 35. hxg4 Rxg4 36. Rd2 Ra4 37. Ke2 Kg7 38. Kd3 Ra3+ 39. Ke2
Kf6 40. Kf2 a6 41. Re2 b5 42. Ke1 Ke5 43. Kd1 Ke4 44. Rh2 Rxe3 45. Kc2 Ra3 46.
Kb2 b4 47. Rh4+ f4 48. Rh7 f5 49. Rc7 a5 50. Rc4+ Ke5 51. Rc5+ Kf6 52. Rc2 f3
53. Rh2 Re3 54. Rh1 Re2+ 55. Kb3 e5 56. Rf1 e4 57. a4 f2 58. Kc4 e3 59. Rd1 Rd2
60. Rh1 e2 61. Rh6+ Kg5 62. Ra6 f1=Q 63. Rxa5 e1=Q+ 0-1

[Event "XXVI Festival Conca della Presolana B"]
[Site "Bratto - Castione della Presolana ITA"]
[Date "2006.08.21"]
[Round "2"]
[White "Gozzini, Giambattista"]
[Black "Fizzotti, Mario"]
[Result "1-0"]
[WhiteElo "1721"]
[BlackElo "1868"]
[PlyCount "97"]
[EventDate "2006.08.20"]

1. e4 e5 2. Nf3 Nf6 3. Nxe5 d6 4. Nf3 Nxe4 5. d4 d5 6. Bd3 Be7 7. O-O Nc6 8. c4
Nb4 9. Be2 O-O 10. Nc3 Bf5 11. a3 Nxc3 12. bxc3 Nc6 13. h3 Re8 14. Bf4 Rc8 15.
Re1 Bf6 16. Bd3 Rxe1+ 17. Nxe1 Bxd3 18. Qxd3 Ne7 19. c5 Nc6 20. Nf3 Na5 21. Re1
Nc4 22. Bc1 Qd7 23. Nd2 Nxd2 24. Qxd2 b6 25. cxb6 cxb6 26. Bb2 Qb5 27. Qe2 Qxe2
28. Rxe2 Kf8 29. Re1 Be7 30. Kf1 f6 31. Ke2 Rc4 32. Kd3 Ra4 33. Kc2 b5 34. Kb3
Ke8 35. f3 Kd7 36. f4 Bd6 37. f5 Rc4 38. Kc2 b4 39. axb4 Bxb4 40. Kd3 Bd6 41.
Ra1 Bb8 42. Ra5 Kc6 43. Ba3 Kb6 44. Rxd5 Ra4 45. Bf8 Bf4 46. Bxg7 Ra1 47. Bxf6
Kc6 48. Rc5+ Kd7 49. Be5 1-0

[Event "XXVI Festival Conca della Presolana B"]
[Site "Bratto - Castione della Presolana ITA"]
[Date "2006.08.21"]
[Round "2"]
[White "Longo, Pietro"]
[Black "Panigoni, Giuseppe"]
[Result "0-1"]
[WhiteElo "1757"]
[BlackElo "1892"]
[PlyCount "64"]
[EventDate "2006.08.20"]

1. d4 d5 2. c4 e6 3. Nc3 Nf6 4. cxd5 exd5 5. Bg5 Be7 6. e3 c6 7. Qc2 Nbd7 8.
Bd3 h6 9. Bh4 O-O 10. Nge2 Re8 11. O-O Nf8 12. f3 Nh5 13. Bxe7 Qxe7 14. e4 dxe4
15. fxe4 Bg4 16. Rae1 Ne6 17. Kh1 Rad8 18. d5 Nc5 19. Nf4 Nxf4 20. Rxf4 Nxd3
21. Qxd3 Bh5 22. Ref1 Bg6 23. Qf3 Rd7 24. Qf2 cxd5 25. Nxd5 Qe5 26. Nc3 b5 27.
a3 a5 28. Qb6 b4 29. axb4 axb4 30. Qxb4 Rb8 31. Qa3 Rbd8 32. Qb4 Qxf4 0-1

[Event "XXVI Festival Conca della Presolana B"]
[Site "Bratto - Castione della Presolana ITA"]
[Date "2006.08.21"]
[Round "2"]
[White "Marguerettaz, Davy"]
[Black "Allegretti, Luigi"]
[Result "1-0"]
[WhiteElo "1700"]
[BlackElo "1981"]
[PlyCount "63"]
[EventDate "2006.08.20"]

1. e4 g6 2. d4 Bg7 3. Nf3 d6 4. Be3 a6 5. Bd3 Nd7 6. Nc3 b5 7. Qd2 Bb7 8. O-O-O
c5 9. dxc5 Nxc5 10. Bxc5 dxc5 11. Qe1 Qa5 12. Kb1 Rc8 13. Nd5 Qxe1 14. Rhxe1 e6
15. Nf4 Nf6 16. c3 O-O 17. Bc2 Bh6 18. Nd3 Bxe4 19. Nde5 Bxc2+ 20. Kxc2 Rfd8
21. Rxd8+ Rxd8 22. Nc6 Rd6 23. Nce5 Nd7 24. Rd1 Rxd1 25. Kxd1 Nxe5 26. Nxe5 Bf4
27. Nd7 c4 28. g3 Bg5 29. Nc5 a5 30. Nb7 b4 31. Nxa5 bxc3 32. bxc3 1-0

[Event "XXVI Festival Conca della Presolana B"]
[Site "Bratto - Castione della Presolana ITA"]
[Date "2006.08.21"]
[Round "2"]
[White "Mazzotti, Federico"]
[Black "Nardone, Massimo"]
[Result "1/2-1/2"]
[WhiteElo "1741"]
[BlackElo "1902"]
[PlyCount "44"]
[EventDate "2006.08.20"]

1. e4 e5 2. Nf3 Nf6 3. d4 Nxe4 4. Bd3 d5 5. Nxe5 Bd6 6. Qe2 O-O 7. Bxe4 dxe4 8.
Nc3 Re8 9. O-O Nd7 10. Nc4 Nf6 11. Nxd6 cxd6 12. Bg5 h6 13. Bh4 g5 14. Bg3 Bg4
15. Qb5 Re7 16. Nd5 Rd7 17. Nxf6+ Qxf6 18. h3 a6 19. Qa4 b5 20. Qb3 Bh5 21. Qd5
Rc8 22. c3 Qe6 1/2-1/2